|
|
|
|
| LEADER |
01317nam a22002297a 4500 |
| 001 |
2524 |
| 003 |
BD-DhAAL |
| 005 |
20141119100744.0 |
| 008 |
141119s1982 bg ||||| |||| 00| 0 ben d |
| 040 |
|
|
|a BD-DhAAL
|c BD-DhAAL
|
| 082 |
|
|
|2 22
|a 954.9/205
|
| 245 |
|
|
|a বাংলাদেশের স্বাধীনতা যুদ্ধ দলিলপত্র : চতুর্থ খণ্ড,
|b মুজিব নগর : প্রবাসী বাঙালীদের তৎপরতা /
|c সম্পাদক হাসান হাফিজুর রহমান
|
| 260 |
|
|
|a ঢাকা :
|b তথ্য মণ্ত্রণালয়,
|c ১৯৮২
|
| 300 |
|
|
|a ৮৫১ পৃ. ;
|c ২৪ সে. মি.
|
| 541 |
|
|
|e 2524
|
| 650 |
|
|
|a Bangladesh
|x History
|x Revolution
|y 1971
|9 6077
|
| 700 |
|
|
|a রহমান, হাসান হাফিজুর
|9 6078
|
| 852 |
|
|
|a Ayesha Abed Library
|c General Stacks
|
| 942 |
|
|
|2 ddc
|c BK
|
| 999 |
|
|
|c 33079
|d 33079
|
| 952 |
|
|
|0 0
|1 0
|2 ddc
|4 0
|6 954_900000000000000_205_BAN
|7 0
|9 44106
|a BRACUL
|b BRACUL
|c BNC
|d 2014-11-19
|g 133.00
|l 1
|m 9
|o 954.9205 BAN
|p 3010002524
|r 2026-02-01
|s 2025-01-07
|t 1
|w 2014-11-19
|y BK
|
| 952 |
|
|
|0 0
|1 0
|2 ddc
|4 0
|6 954_920500000000000_BAN
|7 0
|9 54763
|a SCL
|b SCL
|c GEN
|d 2015-07-06
|g 1000.00
|l 1
|o 954.9205 BAN
|p 3020008122
|r 2024-03-06
|s 2024-03-06
|t 2
|w 2015-07-06
|y BK
|